[Event "Dubai op"]
[Site "Dubai"]
[Date "2002.04.19"]
[Round "5"]
[White "Ghane, Shojaat"]
[Black "Gleizerov, Evgeny"]
[Result "0-1"]
[WhiteElo "2404"]
[BlackElo "2581"]
[PlyCount "70"]
[EventDate "2002.04.15"]
[Source "ChessBase"]
[SourceDate "2002.05.03"]

1. d4 e6 2. e4 d5 3. Nc3 Nf6 4. Bg5 Be7 5. e5 Nfd7 6. Bxe7 Qxe7 7. Nb5 Nb6 8. a4 a6 9. a5 axb5 10. axb6 Rxa1 11. Qxa1 O-O 12. c3 c6 13. Bd3 Nd7 14. Qb1 f6 15. Bxh7+ Kh8 16. Qd3 fxe5 17. Qh3 Qg5 18. Bf5+ Qh6 19. Bxe6 exd4 20. Bxd7 Bxd7 21. Qxh6+ gxh6 22. Nf3 dxc3 23. bxc3 Ra8 24. O-O Ra3 25. Ne5 Be8 26. f4 Rxc3 27. f5 b4 28. f6 b3 29. Rb1 Kg8 30. Kf2 c5 31. Ra1 Rc2+ 32. Ke3 Ra2 33. Rb1 c4 34. Kd4 Rd2+ 35. Ke3 c3 0-1

[Event "Berlin Open"]
[Site "Berlin West"]
[Date "1986.??.??"]
[Round "?"]
[White "Rogers, Ian"]
[Black "Drasko, Milan"]
[Result "1/2-1/2"]
[WhiteElo "2515"]
[BlackElo "2460"]
[PlyCount "57"]
[EventDate "1986.08.??"]
[Source "www.chesslib.no"]
[SourceDate "2004.05.04"]

1. e4 e6 2. d4 d5 3. Nc3 Nf6 4. Bg5 Be7 5. e5 Nfd7 6. Bxe7 Qxe7 7. Nb5 Nb6 8. c3 a6 9. Na3 c5 10. Nf3 Nc6 11. Nc2 O-O 12. Be2 f6 13. exf6 Rxf6 14. O-O Bd7 15. Ne3 cxd4 16. cxd4 Raf8 17. a3 Be8 18. Ne5 Nxe5 19. dxe5 Rf4 20. Qb3 Na4 21. Rac1 d4 22. Ng4 Nc5 23. Nf6+ R8xf6 24. exf6 Nxb3 25. fxe7 Nxc1 26. Rxc1 Kf7 27. g3 Rf5 28. f4 Rd5 29. Bd3 1/2-1/2

[Event "56th ch-RUS"]
[Site "Krasnoyarsk"]
[Date "2003.09.09"]
[Round "6"]
[White "Logunov, Maxim"]
[Black "Iljushin, Alexei"]
[Result "1-0"]
[WhiteElo "2422"]
[BlackElo "2553"]
[PlyCount "59"]
[EventDate "2003.09.03"]
[Source "Roberto Alvarez"]
[SourceDate "2003.09.15"]

1. e4 e6 2. d4 d5 3. Nc3 Nf6 4. Bg5 Be7 5. e5 Nfd7 6. Bxe7 Qxe7 7. Nb5 Nb6 8. c3 a6 9. Na3 Bd7 10. f4 Na4 11. Qd2 c5 12. Nf3 Nc6 13. Be2 b5 14. Bd1 Nb6 15. O-O c4 16. Nc2 f5 17. exf6 gxf6 18. Ne3 O-O-O 19. a4 Be8 20. b3 Qc7 21. bxc4 bxc4 22. f5 e5 23. a5 Na8 24. dxe5 fxe5 25. Ng5 Qd6 26. f6 Nc7 27. f7 Bd7 28. Ne4 Qg6 29. Nc5 Be6 30. Qb2 1-0

[Event "RUS-ch"]
[Site "Krasnodar"]
[Date "2002.09.01"]
[Round "6"]
[White "Geller, Jakov"]
[Black "Iljushin, Alexei"]
[Result "1/2-1/2"]
[WhiteElo "2406"]
[BlackElo "2526"]
[PlyCount "35"]
[EventDate "2002.08.27"]
[Source "ChessBase"]
[SourceDate "2002.11.12"]

1. e4 e6 2. d4 d5 3. Nc3 Nf6 4. Bg5 Be7 5. e5 Nfd7 6. Bxe7 Qxe7 7. Nb5 Nb6 8. c3 a6 9. Na3 Bd7 10. f4 Nc6 11. Nf3 f5 12. Bd3 O-O 13. O-O Be8 14. Nc2 Na5 15. Ne3 Nac4 16. Qe2 Nxe3 17. Qxe3 Bb5 18. b3 1/2-1/2

[Event "6th ch-PriFO Men"]
[Site "Kazan RUS"]
[Date "2008.01.31"]
[Round "9"]
[White "Geller, J."]
[Black "Borisenko, An"]
[Result "1-0"]
[WhiteElo "2511"]
[BlackElo "2420"]
[PlyCount "88"]
[EventDate "2008.01.23"]
[Source "www.chesslib.no"]
[SourceDate "2004.05.04"]

1. e4 e6 2. d4 d5 3. Nc3 Nf6 4. Bg5 Be7 5. e5 Nfd7 6. Bxe7 Qxe7 7. Nb5 Qd8 8. f4 a6 9. Na3 c5 10. c3 Nc6 11. Nf3 b5 12. Nc2 c4 13. Ne3 Nb6 14. Be2 Qe7 15. Qc2 g6 16. g4 Kd8 17. h4 h5 18. gxh5 Rxh5 19. Ng5 Rh8 20. h5 Kc7 21. O-O-O gxh5 22. Bxh5 f6 23. Nf7 Rg8 24. Ng4 fxe5 25. fxe5 Bd7 26. Nf6 Rgf8 27. Rdf1 b4 28. Nd6 Rab8 29. Bg6 Rh8 30. Nh7 bxc3 31. bxc3 Rxh7 32. Rxh7 Qg5+ 33. Kb1 Qe3 34. Ka1 Na4 35. Be8 Rxe8 36. Nxe8+ Kd8 37. Nd6 Nxc3 38. Rxd7+ Kxd7 39. Qh7+ Ne7 40. Qh8 Kc7 41. Qc8+ Kb6 42. Qd8+ Kc6 43. Qxe7 Kb6 44. Nc8+ Ka5 1-0

[Event "Moscow Ch Open"]
[Site "Moscow RUS"]
[Date "1995.??.??"]
[Round "11"]
[White "Muratov, Vladimir A"]
[Black "Nikolenko, Oleg"]
[Result "1/2-1/2"]
[WhiteElo "2395"]
[BlackElo "2480"]
[PlyCount "110"]
[EventDate "1995.??.??"]
[Source "www.chesslib.no"]
[SourceDate "2004.05.04"]

1. d4 e6 2. e4 d5 3. Nc3 Nf6 4. Bg5 Be7 5. e5 Nfd7 6. Bxe7 Qxe7 7. Nb5 Nb6 8. c3 a6 9. Na3 c5 10. Nf3 Nc6 11. Nc2 cxd4 12. cxd4 Bd7 13. Qd2 Rc8 14. b3 O-O 15. Bd3 f6 16. O-O f5 17. Be2 Be8 18. Nfe1 f4 19. Bd3 Nd7 20. f3 Qd8 21. g3 fxg3 22. hxg3 Qb6 23. Kg2 Bg6 24. Bxg6 hxg6 25. f4 g5 26. Nf3 gxf4 27. gxf4 Ne7 28. Rf2 Ng6 29. Nfe1 Qd8 30. Kg1 Nxf4 31. Rxf4 Qg5+ 32. Ng2 Rxf4 33. Qxf4 Qxf4 34. Nxf4 Rxc2 35. Nxe6 Nf8 36. Nf4 g5 37. Nxd5 Ne6 38. Rd1 Rxa2 39. Nf6+ Kf7 40. d5 Nf4 41. Ne4 Nxd5 42. Rxd5 Ke6 43. Nf6 Rb2 44. Rd3 Kxe5 45. Nd7+ Kf4 46. Nb6 g4 47. Nc4 Ra2 48. Rd1 a5 49. Rf1+ Kg3 50. Ne3 Re2 51. Nf5+ Kh3 52. Rd1 g3 53. Nd6 Rg2+ 54. Kh1 Rb2 55. Nxb7 a4 1/2-1/2

[Event "Wichern op"]
[Site "Hamburg"]
[Date "1997.??.??"]
[Round "8"]
[White "Stanke, Juergen"]
[Black "Feigin, Mihail"]
[Result "0-1"]
[WhiteElo "2335"]
[BlackElo "2500"]
[PlyCount "82"]
[EventDate "1997.10.??"]
[Source "www.chesslib.no"]
[SourceDate "2004.05.04"]

1. e4 e6 2. d4 d5 3. Nc3 Nf6 4. Bg5 Be7 5. e5 Nfd7 6. Bxe7 Qxe7 7. Nb5 Nb6 8. a4 a6 9. a5 axb5 10. axb6 Rxa1 11. Qxa1 Nc6 12. c3 O-O 13. Nf3 b4 14. bxc7 Qxc7 15. Bd3 Bd7 16. O-O Rc8 17. h4 bxc3 18. bxc3 Na5 19. Qb1 Qxc3 20. Bxh7+ Kf8 21. Qb6 Bc6 22. h5 Nc4 23. Qb1 b5 24. Bd3 Na3 25. Qd1 b4 26. Ng5 Ke8 27. Bh7 Rc7 28. Qg4 Bb5 29. Rd1 Qc6 30. Bg8 Kf8 31. Bxf7 Rxf7 32. Nxf7 Kxf7 33. Re1 Nc2 34. Rb1 Bd3 35. Rd1 Bf5 36. Qf3 Qc3 37. Qf4 b3 38. g4 Nxd4 39. Rxd4 b2 40. Rd1 Qc2 41. Qf3 Qxd1+ 0-1

[Event "Yerevan op"]
[Site "Yerevan"]
[Date "1996.??.??"]
[Round "9"]
[White "Aronian, Levon"]
[Black "Lempert, Igor"]
[Result "1/2-1/2"]
[WhiteElo "2310"]
[BlackElo "2505"]
[PlyCount "97"]
[EventDate "1996.??.??"]
[Source "www.chesslib.no"]
[SourceDate "2004.05.04"]

1. e4 e6 2. Nc3 d5 3. d4 Nf6 4. Bg5 Be7 5. e5 Nfd7 6. Bxe7 Qxe7 7. Nb5 Nb6 8. a4 a6 9. a5 Nc4 10. Bxc4 dxc4 11. Nc3 O-O 12. Nf3 Rd8 13. Ne4 b5 14. axb6 cxb6 15. Nd6 Rxd6 16. exd6 Qxd6 17. O-O Bb7 18. Nd2 Qd5 19. Qf3 Qxf3 20. Nxf3 Bxf3 21. gxf3 Nc6 22. c3 Kf8 23. Rfd1 Ne7 24. b3 cxb3 25. Rdb1 Nd5 26. c4 Nf4 27. Rxb3 Ne2+ 28. Kg2 Rc8 29. Ra4 Nf4+ 30. Kg3 Ne2+ 31. Kh3 b5 32. cxb5 axb5 33. Rxb5 h5 34. Rb7 g5 35. Rb2 Nf4+ 36. Kg3 Kg7 37. h4 f6 38. Ra5 Kg6 39. Rbb5 Ne2+ 40. Kh3 Nf4+ 41. Kg3 Ne2+ 42. Kh3 gxh4 43. Rxh5 Nf4+ 44. Kg4 Nxh5 45. Rxh5 f5+ 46. Kxh4 Rd8 47. Rg5+ Kf6 48. Rh5 Rxd4+ 49. Kg3 1/2-1/2

[Event "Barcelona Open"]
[Site "Barcelona ESP"]
[Date "1996.??.??"]
[Round "?"]
[White "Narciso Dublan, Marc"]
[Black "Rahal, Michael"]
[Result "1-0"]
[WhiteElo "2440"]
[BlackElo "2340"]
[PlyCount "85"]
[EventDate "1996.??.??"]
[Source "www.chesslib.no"]
[SourceDate "2004.05.04"]

1. e4 e6 2. d4 d5 3. Nc3 Nf6 4. Bg5 Be7 5. e5 Nfd7 6. Bxe7 Qxe7 7. Nb5 Nb6 8. c3 a6 9. Na3 c5 10. f4 cxd4 11. cxd4 Qb4+ 12. Qd2 Qxd2+ 13. Kxd2 Nc6 14. Nf3 Bd7 15. Nc2 Ne7 16. b3 Bb5 17. Rc1 Nc6 18. Ne3 O-O 19. g4 Bxf1 20. Rhxf1 Rac8 21. f5 Nb4 22. a3 Nc6 23. Kd3 Na5 24. Nd2 Rxc1 25. Rxc1 Rc8 26. Rf1 Nc6 27. Ng2 Nd7 28. Nf4 Nf8 29. h4 Ne7 30. Nh5 Nd7 31. Ng3 Rc6 32. Nf3 h6 33. h5 Rb6 34. Kc3 Rc6+ 35. Kd3 Rb6 36. Kc3 Rc6+ 37. Kb2 Nf8 38. f6 Nc8 39. g5 hxg5 40. fxg7 Kxg7 41. Nxg5 Rc7 42. Rf6 Nh7 43. h6+ 1-0

[Event "Krasnodar"]
[Site "?"]
[Date "2001.??.??"]
[Round "?"]
[White "Geller Jakov"]
[Black "Bagirov Rufat"]
[Result "0-1"]
[WhiteElo "2285"]
[BlackElo "2465"]
[PlyCount "86"]
[EventDate "2001.??.??"]
[Source "www.chesslib.no"]
[SourceDate "2004.05.04"]

1. e4 e6 2. d4 d5 3. Nc3 Nf6 4. Bg5 Be7 5. e5 Nfd7 6. Bxe7 Qxe7 7. Nb5 Nb6 8. a4 a6 9. a5 axb5 10. axb6 Rxa1 11. Qxa1 c6 12. Qa8 Qb4+ 13. c3 Qxb2 14. Ne2 O-O 15. Qxb8 b4 16. cxb4 Qxb4+ 17. Kd1 c5 18. Qc7 Qa4+ 19. Kd2 Bd7 20. Ke3 Bc6 21. f3 Qa3+ 22. Kf2 cxd4 23. Nxd4 Qc5 24. Ke3 Qc1+ 25. Kf2 Qc5 26. Ke3 Qc1+ 27. Kf2 Qd2+ 28. Ne2 d4 29. Qd6 d3 30. Qd4 Bb5 31. g3 Qa2 32. Qe3 Rd8 33. Bg2 dxe2 34. Re1 Qa5 35. Rc1 h6 36. Rc5 e1=Q+ 37. Qxe1 Rd2+ 38. Ke3 Rd3+ 39. Kf2 Qxb6 40. Qb4 Rd5 41. Qxb5 Qxc5+ 42. Qxc5 Rxc5 43. f4 Rc2+ 0-1

[Event "Ostrava Open"]
[Site "Ostrava CZE"]
[Date "1992.??.??"]
[Round "4"]
[White "Jakubiec, Artur"]
[Black "Shur, Mikhail"]
[Result "1/2-1/2"]
[WhiteElo "2315"]
[BlackElo "2420"]
[PlyCount "40"]
[EventDate "1992.??.??"]
[Source "www.chesslib.no"]
[SourceDate "2004.05.04"]

1. e4 e6 2. d4 d5 3. Nc3 Nf6 4. Bg5 Be7 5. e5 Nfd7 6. Bxe7 Qxe7 7. Nb5 Nb6 8. a4 a6 9. a5 axb5 10. axb6 Rxa1 11. Qxa1 cxb6 12. Bxb5+ Bd7 13. Bd3 Qb4+ 14. c3 Qa5 15. Qxa5 bxa5 16. Ne2 Ke7 17. Kd2 Nc6 18. f4 h5 19. h3 g6 20. Rf1 b6 1/2-1/2

[Event "JUG Team Ch FL"]
[Site "Arandjelovac"]
[Date "1990.??.??"]
[Round "9"]
[White "Djuknic, Snezana"]
[Black "Kalevic, Sanja"]
[Result "0-1"]
[WhiteElo "2560"]
[BlackElo "2160"]
[PlyCount "56"]
[EventDate "1990.??.??"]
[Source "www.chesslib.no"]
[SourceDate "2004.05.04"]

1. e4 e6 2. d4 d5 3. Nc3 Nf6 4. Bg5 Be7 5. e5 Nfd7 6. Bxe7 Qxe7 7. Nb5 Nb6 8. a4 a6 9. a5 Nc4 10. Bxc4 dxc4 11. Nc3 O-O 12. Nf3 b5 13. axb6 cxb6 14. Ne4 Bb7 15. Nd6 Bd5 16. O-O f6 17. Qe2 fxe5 18. dxe5 Nd7 19. Ne4 Rf4 20. Ned2 a5 21. Ra3 b5 22. g3 Rf5 23. Re3 Rff8 24. Ne4 Rab8 25. Nd6 Rxf3 26. Rxf3 Bxf3 27. Qxf3 Nxe5 28. Qd1 Rd8 0-1

[Event "WYb16"]
[Site "Kemer TUR"]
[Date "2007.11.27"]
[Round "10"]
[White "Nabaty, T."]
[Black "Mammadov, A."]
[Result "1-0"]
[WhiteElo "2426"]
[BlackElo "2247"]
[PlyCount "53"]
[EventDate "2007.11.18"]
[Source "www.chesslib.no"]
[SourceDate "2004.05.04"]

1. e4 e6 2. d4 d5 3. Nc3 Nf6 4. Bg5 Be7 5. e5 Nfd7 6. Bxe7 Qxe7 7. Nb5 Qd8 8. f4 a6 9. Na3 c5 10. c3 Nc6 11. Nf3 b5 12. Nc2 b4 13. cxb4 Nxb4 14. Nxb4 cxb4 15. Bd3 a5 16. Qe2 Qb6 17. Rc1 h6 18. f5 exf5 19. Bxf5 O-O 20. Kd2 Ba6 21. Qe3 Rfd8 22. e6 Nf6 23. exf7+ Kxf7 24. Rc6 Qb5 25. Qe6+ Kf8 26. Ne5 Ne4+ 27. Kc1 1-0

[Event "Mar del Plata Open"]
[Site "Mar del Plata ARG"]
[Date "1991.??.??"]
[Round "?"]
[White "Hidalgo Mateos, Juan Jose"]
[Black "Gomez Baillo, Jorge H"]
[Result "0-1"]
[WhiteElo "2220"]
[BlackElo "2425"]
[PlyCount "84"]
[EventDate "1991.??.??"]
[Source "www.chesslib.no"]
[SourceDate "2004.05.04"]

1. e4 e6 2. d4 d5 3. Nc3 Nf6 4. Bg5 Be7 5. e5 Nfd7 6. Bxe7 Qxe7 7. Nb5 Nb6 8. a4 a6 9. a5 axb5 10. axb6 Rxa1 11. Qxa1 O-O 12. bxc7 Nc6 13. Nf3 f6 14. Be2 fxe5 15. dxe5 Qxc7 16. O-O b4 17. b3 Qf7 18. Bd3 Qf4 19. Qc1 Bd7 20. Re1 h6 21. Qxf4 Rxf4 22. Re3 Be8 23. g3 Rf8 24. Nd2 g5 25. Kg2 Kg7 26. h3 Bg6 27. Nf3 Ra8 28. Bxg6 Kxg6 29. Ne1 Ra2 30. c4 dxc4 31. bxc4 Nd4 32. Rd3 b3 33. Rd1 Nc2 34. Nxc2 bxc2 35. Rc1 Kf5 36. Kf3 Ra3+ 37. Ke2 Rc3 38. Kd2 Rxc4 39. Kd3 b5 40. g4+ Kxe5 41. Re1+ Kf4 42. Kd2 c1=Q+ 0-1

[Event "Porto San Giorgio op"]
[Site "Porto San Giorgio"]
[Date "2000.08.24"]
[Round "5"]
[White "Borgo, Giulio"]
[Black "Satta, Vladimiro"]
[Result "1/2-1/2"]
[WhiteElo "2391"]
[BlackElo "2222"]
[PlyCount "119"]
[EventDate "2000.08.20"]
[Source "www.chesslib.no"]
[SourceDate "2004.05.04"]

1. e4 e6 2. d4 d5 3. Nc3 Nf6 4. Bg5 Be7 5. e5 Nfd7 6. Bxe7 Qxe7 7. Nb5 Nb6 8. c3 a6 9. Na3 c5 10. Nc2 Nc6 11. f4 Bd7 12. Nf3 Rc8 13. Qd2 cxd4 14. Ncxd4 Nxd4 15. Nxd4 f6 16. Qe3 Na4 17. Rb1 O-O 18. Be2 fxe5 19. Qxe5 Qh4+ 20. g3 Qh3 21. Qh5 Qxh5 22. Bxh5 Nc5 23. Kd2 Rf6 24. Bf3 Be8 25. Rbe1 Bg6 26. Re5 Re8 27. Bg4 Be4 28. Rf1 Kf7 29. f5 exf5 30. Rxe8 Kxe8 31. Nxf5 Kf8 32. Ne3 Rxf1 33. Nxf1 Ke7 34. Ke3 Kd6 35. Kd4 b6 36. Ne3 g6 37. c4 h5 38. Bc8 Kc7 39. Bh3 dxc4 40. Nxc4 Bb1 41. b4 Nb7 42. a3 Nd6 43. Bf1 Nf5+ 44. Ke5 b5 45. Nd2 Ne3 46. Be2 Bf5 47. Nf3 Bb1 48. Kd4 Nc2+ 49. Kc3 Ne3 50. Nd2 Bf5 51. Nb3 Kd6 52. Nd4 Bd7 53. Kd3 Nc4 54. Kc3 Nxa3 55. Kb3 Nc4 56. Bxc4 bxc4+ 57. Kxc4 g5 58. Nf3 Be6+ 59. Kd3 Bf5+ 60. Ke3 1/2-1/2

[Event "A/E-H/08"]
[Site "?"]
[Date "2000.??.??"]
[Round "?"]
[White "Johnsrud Jeffory"]
[Black "Madrid Antonio"]
[Result "1-0"]
[WhiteElo "2475"]
[BlackElo "2120"]
[PlyCount "45"]
[EventDate "2000.??.??"]
[Source "www.chesslib.no"]
[SourceDate "2004.05.04"]

1. e4 e6 2. d4 d5 3. Nc3 Nf6 4. Bg5 Be7 5. e5 Nfd7 6. Bxe7 Qxe7 7. Nb5 Nb6 8. c3 a6 9. Na3 c5 10. f4 Nc6 11. Nf3 cxd4 12. Nxd4 Bd7 13. Nac2 Rc8 14. Nxc6 Bxc6 15. Nd4 Nd7 16. Qg4 g6 17. Bd3 O-O 18. O-O Nc5 19. Bc2 Bd7 20. Rae1 b6 21. Qg3 Na4 22. Bxa4 Bxa4 23. f5 1-0

[Event "Mar del Plata Open"]
[Site "Mar del Plata ARG"]
[Date "1992.??.??"]
[Round "5"]
[White "Bronstein, Luis M"]
[Black "Cativelli, Gerardo"]
[Result "1-0"]
[WhiteElo "2365"]
[BlackElo "2225"]
[PlyCount "51"]
[EventDate "1992.??.??"]
[Source "www.chesslib.no"]
[SourceDate "2004.05.04"]

1. e4 e6 2. d4 d5 3. Nc3 Nf6 4. Bg5 Be7 5. e5 Nfd7 6. Bxe7 Qxe7 7. Nb5 Nb6 8. c3 a6 9. Na3 c5 10. f4 O-O 11. Nf3 cxd4 12. Qxd4 Qc7 13. Bd3 f6 14. O-O Nc6 15. Qe3 Bd7 16. Rac1 Na4 17. b3 Qb6 18. Qxb6 Nxb6 19. Nc2 fxe5 20. fxe5 Rae8 21. Ncd4 Nc8 22. Nxc6 Bxc6 23. Ng5 Rxf1+ 24. Rxf1 h6 25. Bh7+ Kh8 26. Bg6 1-0

[Event "Inauguracio Open"]
[Site "Buenos Aires ARG"]
[Date "1992.??.??"]
[Round "?"]
[White "Bronstein, Luis M"]
[Black "Mellano, Santiago"]
[Result "1-0"]
[WhiteElo "2365"]
[BlackElo "2220"]
[PlyCount "60"]
[EventDate "1992.05.??"]
[Source "www.chesslib.no"]
[SourceDate "2004.05.04"]

1. e4 e6 2. d4 d5 3. Nc3 Nf6 4. Bg5 Be7 5. e5 Nfd7 6. Bxe7 Qxe7 7. Nb5 Nb6 8. c3 a6 9. Na3 c5 10. f4 O-O 11. Nf3 Nc6 12. Bd3 f6 13. O-O c4 14. Bc2 fxe5 15. fxe5 Bd7 16. Qd2 Rae8 17. Rf2 Nc8 18. Raf1 g6 19. h4 Nd8 20. Ng5 Rxf2 21. Qxf2 h6 22. Nh3 Qg7 23. Qg3 Ne7 24. Nf4 Nf5 25. Bxf5 gxf5 26. Qxg7+ Kxg7 27. Nh5+ Kf7 28. Nf6 Re7 29. g4 Be8 30. gxf5 exf5 1-0

[Event "Wch U18"]
[Site "Duisburg"]
[Date "1992.??.??"]
[Round "6"]
[White "Jonker, Marc"]
[Black "Escobedo Tinajero, Alberto"]
[Result "1-0"]
[WhiteElo "2360"]
[BlackElo "2220"]
[PlyCount "107"]
[EventDate "1992.??.??"]
[Source "www.chesslib.no"]
[SourceDate "2004.05.04"]

1. e4 e6 2. d4 d5 3. Nc3 Nf6 4. Bg5 Be7 5. e5 Nfd7 6. Bxe7 Qxe7 7. Nb5 Qd8 8. c3 a6 9. Na3 c5 10. f4 Nc6 11. Nf3 Qb6 12. Qd2 f6 13. Rb1 O-O 14. Nc2 a5 15. Bd3 a4 16. O-O c4 17. Be2 f5 18. a3 Qd8 19. h3 b5 20. Kh2 Ra7 21. Rg1 Nb6 22. Rbf1 Ne7 23. Ne3 Ng6 24. g3 h6 25. Bd1 Nh8 26. Ng2 Kf7 27. g4 fxg4 28. hxg4 Ke8 29. Bc2 Raf7 30. Nfh4 Kd7 31. Ng6 Nxg6 32. Bxg6 Re7 33. f5 Kc6 34. f6 gxf6 35. Rxf6 Nd7 36. Rxf8 Qxf8 37. Qf4 Qg7 38. Bh5 Nf8 39. Qf6 Nh7 40. Qxg7 Rxg7 41. Kg3 Ng5 42. Rf1 Rg8 43. Kh4 Ne4 44. Bf7 Rf8 45. Rf4 Ng5 46. Bg6 Rh8 47. Rf6 Bd7 48. Nf4 Kc7 49. Nh3 Kd8 50. Nf4 Kc7 51. Bc2 Nf3+ 52. Kh5 Be8+ 53. Bg6 Bxg6+ 54. Nxg6 1-0

[Event "BCF Ch"]
[Site "Southampton ENG"]
[Date "1986.??.??"]
[Round "3"]
[White "Bowden, Karl"]
[Black "Giulian, Philip M"]
[Result "1/2-1/2"]
[WhiteElo "2340"]
[BlackElo "2225"]
[PlyCount "116"]
[EventDate "1986.07.28"]
[Source "www.chesslib.no"]
[SourceDate "2004.05.04"]

1. e4 e6 2. d4 d5 3. Nc3 Nf6 4. Bg5 Be7 5. e5 Nfd7 6. Bxe7 Qxe7 7. Nb5 Nb6 8. c3 O-O 9. f4 a6 10. Na3 c5 11. Nc2 Nc6 12. Nf3 Bd7 13. Bd3 f5 14. O-O cxd4 15. Ncxd4 Nxd4 16. Nxd4 Na4 17. Rf2 Nc5 18. Qd2 Bb5 19. Bc2 Ba4 20. Bb1 Be8 21. Kh1 Kh8 22. Qe3 Rc8 23. a4 Bxa4 24. Bd3 Be8 25. Qh3 Bg6 26. Rg1 Rc7 27. Bb1 Qe8 28. Qh4 Qe7 29. Qh3 Qe8 30. Qe3 Bh5 31. h3 Bg6 32. g3 Kg8 33. Rfg2 Kh8 34. Re1 Kg8 35. Kh2 Kh8 36. Nf3 Bh5 37. Nd4 Bg6 38. Reg1 Kg8 39. Kh1 Kh8 40. Bc2 Kg8 41. b4 Ne4 42. Bxe4 dxe4 43. g4 Qc8 44. Rg3 Be8 45. c4 Kh8 46. c5 Bc6 47. gxf5 exf5 48. e6 Rf6 49. Qc3 Qf8 50. Qb3 Qe8 51. Kh2 Re7 52. Rg5 Qb8 53. Rf1 Qd8 54. Rd1 Qb8 55. Nxc6 bxc6 56. Rd6 Rfxe6 57. Rxe6 Rxe6 58. Qxe6 Qxf4+ 1/2-1/2

[Event "POL-chB"]
[Site "Bielsko Biala"]
[Date "1991.??.??"]
[Round "1"]
[White "Wielecki, Zygmunt"]
[Black "Raszka, Janusz"]
[Result "1-0"]
[WhiteElo "2350"]
[BlackElo "2215"]
[PlyCount "87"]
[EventDate "1991.??.??"]
[Source "www.chesslib.no"]
[SourceDate "2004.05.04"]

1. e4 e6 2. d4 d5 3. Nc3 Nf6 4. Bg5 Be7 5. e5 Nfd7 6. Bxe7 Qxe7 7. Nb5 Qd8 8. c3 a6 9. Na3 c5 10. Nc2 Nc6 11. Nf3 Qb6 12. b3 cxd4 13. cxd4 f6 14. exf6 Nxf6 15. Bd3 O-O 16. O-O Bd7 17. Re1 Rae8 18. b4 e5 19. Nxe5 Nxe5 20. Rxe5 Rxe5 21. dxe5 Ng4 22. Be2 Qxf2+ 23. Kh1 Nxe5 24. Qxd5+ Kh8 25. Qxe5 Bc6 26. Rg1 Rf5 27. Qb8+ Rf8 28. Qd6 Rf6 29. Qd8+ Rf8 30. Qd1 Rf6 31. Ne1 Qf4 32. Bf3 Bxf3 33. Nxf3 Qxb4 34. Re1 Rf8 35. h3 b5 36. Re6 a5 37. Qd3 Qb2 38. Qf5 Qc1+ 39. Kh2 Rc8 40. Qxb5 Qf4+ 41. Kh1 Rc1+ 42. Re1 Rxe1+ 43. Nxe1 h6 44. Qxa5 1-0

[Event "Opatija Hotel 8th"]
[Site "Kastav"]
[Date "2002.02.24"]
[Round "3"]
[White "Gombac, Jan"]
[Black "Dumpor, Atif"]
[Result "0-1"]
[WhiteElo "2225"]
[BlackElo "2328"]
[PlyCount "84"]
[EventDate "2002.02.22"]
[Source "ChessBase"]
[SourceDate "2002.03.14"]

1. e4 e6 2. d4 d5 3. Nc3 Nf6 4. Bg5 Be7 5. e5 Nfd7 6. Bxe7 Qxe7 7. Nb5 Qd8 8. f4 a6 9. Na3 c5 10. c3 Nc6 11. Nf3 O-O 12. Be2 b5 13. Nc2 Qe7 14. O-O b4 15. cxb4 Nxb4 16. Nxb4 cxb4 17. Bd3 h6 18. Rc1 Nb6 19. Rc6 Nc4 20. Bxc4 dxc4 21. Rxc4 Bb7 22. Qd2 a5 23. Rfc1 Rfd8 24. Rc7 Rd7 25. Qc2 Rad8 26. Kf2 g5 27. fxg5 hxg5 28. h3 Bxf3 29. gxf3 g4 30. hxg4 Qh4+ 31. Kg2 Rxd4 32. Rc8 Kg7 33. Rxd8 Qxd8 34. Kh3 Rd2 35. Qc8 Qd5 36. Qc6 Qxe5 37. Rh1 Qf4 38. Qe4 Qh6+ 39. Kg3 Qxh1 40. Qe5+ Kh7 41. Qe4+ Kg8 42. Qa8+ Kg7 0-1

[Event "BL2-S 8889"]
[Site "GER"]
[Date "1988.??.??"]
[Round "?"]
[White "Schubert, Christian"]
[Black "Dittmar, Peter"]
[Result "0-1"]
[WhiteElo "2285"]
[BlackElo "2250"]
[PlyCount "110"]
[EventDate "1988.10.??"]
[Source "www.chesslib.no"]
[SourceDate "2004.05.04"]

1. e4 e6 2. d4 d5 3. Nc3 Nf6 4. Bg5 Be7 5. e5 Nfd7 6. Bxe7 Qxe7 7. Nb5 Nb6 8. c3 a6 9. Na3 O-O 10. f4 c5 11. Nf3 Nc6 12. Nc2 f6 13. Be2 fxe5 14. fxe5 Bd7 15. O-O Be8 16. Ne3 cxd4 17. cxd4 Bh5 18. Qb3 Nc8 19. Rad1 Qd7 20. Rd2 N8e7 21. Qd1 h6 22. Nh4 Bxe2 23. Qxe2 Rxf1+ 24. Nxf1 Rf8 25. Qg4 Nf5 26. Nxf5 Rxf5 27. Ng3 Rf8 28. Nh5 Qf7 29. h3 Kh7 30. Rd3 Qg6 31. Qd1 Rf5 32. Ng3 Rg5 33. Kh2 Nxd4 34. h4 Rg4 35. h5 Qg5 36. Rxd4 Qh4+ 37. Kg1 Rxd4 38. Qc2+ Kg8 39. Qc8+ Kf7 40. Qxb7+ Qe7 41. Qxa6 Rd1+ 42. Nf1 Qc5+ 43. Kh2 Qc4 44. Qxc4 dxc4 45. Ne3 Rc1 46. Kg3 c3 47. bxc3 Rxc3 48. Kf3 Ra3 49. g4 Rxa2 50. Ng2 g5 51. Ne1 Ra3+ 52. Kf2 Ra4 53. Kf3 Rf4+ 54. Kg3 Re4 55. Nf3 Ke7 0-1

[Event "Katowice Open"]
[Site "Katowice POL"]
[Date "1993.??.??"]
[Round "7"]
[White "Jakubiec, Artur"]
[Black "Lissowska, Anna"]
[Result "1-0"]
[WhiteElo "2355"]
[BlackElo "2180"]
[PlyCount "21"]
[EventDate "1993.01.??"]
[Source "www.chesslib.no"]
[SourceDate "2004.05.04"]

1. e4 e6 2. d4 d5 3. Nc3 Nf6 4. Bg5 Be7 5. e5 Nfd7 6. Bxe7 Qxe7 7. Nb5 Nb6 8. a4 a5 9. Bd3 O-O 10. Nh3 c5 11. Bxh7+ 1-0

[Event "WYb16"]
[Site "Kemer TUR"]
[Date "2007.11.18"]
[Round "1"]
[White "Nabaty, T."]
[Black "Zhou, H."]
[Result "1-0"]
[WhiteElo "2426"]
[BlackElo "2096"]
[PlyCount "62"]
[EventDate "2007.11.18"]
[Source "www.chesslib.no"]
[SourceDate "2004.05.04"]

1. e4 e6 2. d4 d5 3. Nc3 Nf6 4. Bg5 Be7 5. e5 Nfd7 6. Bxe7 Qxe7 7. Nb5 Nb6 8. c3 a6 9. Na3 c5 10. f4 Nc6 11. Nf3 cxd4 12. cxd4 Bd7 13. Nc2 Rc8 14. b3 Nb4 15. Ne3 O-O 16. Qd2 Rc7 17. a3 Nc6 18. Bd3 f5 19. Rg1 Kh8 20. g4 g6 21. h4 Nxd4 22. Nxd4 Qxh4+ 23. Ke2 Qh2+ 24. Ng2 Rfc8 25. Kf2 Qh6 26. Rh1 Qf8 27. gxf5 gxf5 28. Nh4 Qf7 29. Nhf3 Qe8 30. Qc1 Qf7 31. Ng1 Ra8 1-0

[Event "Berliner Sommer"]
[Site "Berlin GER"]
[Date "1993.??.??"]
[Round "8"]
[White "Steinbacher, Matthias"]
[Black "Siepenkoetter, Anita"]
[Result "1-0"]
[WhiteElo "2385"]
[BlackElo "2125"]
[PlyCount "61"]
[EventDate "1993.08.??"]
[Source "www.chesslib.no"]
[SourceDate "2004.05.04"]

1. e4 e6 2. d4 d5 3. Nc3 Nf6 4. Bg5 Be7 5. e5 Nfd7 6. Bxe7 Qxe7 7. Nb5 Na6 8. c3 O-O 9. f4 c5 10. Nf3 f6 11. Bd3 cxd4 12. cxd4 Nb4 13. O-O Nxd3 14. Qxd3 b6 15. Nd6 a5 16. Rfc1 Ba6 17. Qe3 Ra7 18. Rc2 b5 19. Rac1 Nb6 20. b3 b4 21. Rc6 Na8 22. f5 Nc7 23. exf6 gxf6 24. fxe6 Qxe6 25. Qf4 Qd7 26. Nf5 Ne8 27. Nh6+ Kg7 28. Ng4 Qf7 29. Ng5 fxg5 30. Qe5+ Nf6 31. Rxf6 1-0

[Event "Koblenz"]
[Site "?"]
[Date "2003.04.13"]
[Round "5"]
[White "Schoen Ralf"]
[Black "Michels Achim"]
[Result "0-1"]
[WhiteElo "2241"]
[BlackElo "2255"]
[PlyCount "76"]
[EventDate "2003.??.??"]
[Source "www.chesslib.no"]
[SourceDate "2004.05.04"]

1. e4 e6 2. d4 d5 3. Nc3 Nf6 4. Bg5 Be7 5. e5 Nfd7 6. Bxe7 Qxe7 7. Nb5 Nb6 8. a4 a6 9. a5 axb5 10. axb6 Rxa1 11. Qxa1 O-O 12. bxc7 Qxc7 13. Bd3 Nc6 14. Nf3 f6 15. exf6 Rxf6 16. b3 Nb4 17. O-O Bd7 18. Qa8+ Bc8 19. Bxb5 Qxc2 20. Qa3 Na2 21. Ne5 h6 22. Bd3 Qd2 23. Qc5 Rf8 24. Bh7+ Kxh7 25. Qxf8 Qxd4 26. Nf3 Qc3 27. Qa3 Qc2 28. h4 Nc3 29. b4 Ne2+ 30. Kh2 d4 31. Ne1 Qc7+ 32. g3 Nc3 33. Nf3 e5 34. Qa5 Qd7 35. Qxe5 Qh3+ 36. Kg1 Bg4 37. Nxd4 Ne2+ 38. Nxe2 Bf3 0-1